| 000 | 00461nam a22001937i 4500 | ||
|---|---|---|---|
| 001 | 5126 | ||
| 003 | OSt | ||
| 005 | 20170126082343.0 | ||
| 007 | tu | ||
| 008 | 161220s2000 xxu||||| |||| 00| 0 d | ||
| 020 | _a0-7897-2338-7 | ||
| 024 | 7 |
_a5126 _2RID |
|
| 024 | 7 |
_a5126 _2RSN (alt) |
|
| 040 | _cOSt | ||
| 100 | 1 | _aThakkar, Meghraj | |
| 245 | 0 | 0 | _ae-Commerce Applications Using Oracle8i and Java from Scratch |
| 260 |
_aIndianapolis, _c2000. |
||
| 300 |
_a384 S. ; _c30cm. |
||
| 942 | _cB | ||
| 999 |
_c4971 _d4971 |
||